| 000 | 01411cam a22003497i 4500 | ||
|---|---|---|---|
| 001 | 17984880 | ||
| 003 | Nust- CAS-E | ||
| 005 | 20180118181359.0 | ||
| 008 | 131230s2013 nyua b 001 0 eng d | ||
| 010 | _a 2013454589 | ||
| 016 | 7 |
_a016196169 _2Uk |
|
| 020 | _a9780071787741 | ||
| 020 | _a0071787747 | ||
| 035 | _a(OCoLC)ocn774489951 | ||
| 040 |
_aBTCTA _beng _cBTCTA _dBDX _dYDXCP _dEGM _dBWX _dSDB _dCUT _dOCLCA _dUKMGB _dSYB _dOCLCF _dDLC _erda _dDLC |
||
| 042 | _alccopycat | ||
| 050 | 0 | 0 |
_aTK3105 _b.S527 2013 |
| 082 | 0 | 4 |
_a621.310285/46 _223 _bSMA 1976 |
| 245 | 0 | 0 |
_aSmart grid infrastructure & networking / _cKrzysztof Iniewski, editor. |
| 246 | 3 | _aSmart grid infrastructure and networking | |
| 300 |
_axvi, 349 pages : _billustrations ; _c24 cm |
||
| 504 | _aIncludes bibliographical references and index. | ||
| 650 | 0 | _aSmart power grids. | |
| 650 | 0 | _aElectric power distribution. | |
| 700 | 1 |
_aIniewski, Krzysztof, _d1960- |
|
| 856 | 4 | 2 |
_3Contributor biographical information _uhttp://www.loc.gov/catdir/enhancements/fy1404/2013454589-b.html |
| 856 | 4 | 2 |
_3Publisher description _uhttp://www.loc.gov/catdir/enhancements/fy1404/2013454589-d.html |
| 856 | 4 | 1 |
_3Table of contents only _uhttp://www.loc.gov/catdir/enhancements/fy1404/2013454589-t.html |
| 906 |
_a7 _bcbc _ccopycat _d2 _encip _f20 _gy-gencatlg |
||
| 942 |
_2ddc _cBK |
||
| 999 |
_c355375 _d355375 |
||